00519nam a2200157Ia 4500008004100000041001200041082001100053100001700064245003800081260002900119300000900148650000700157942000700164999001500171952017500186221030s9999 xx 000 0 und d aEnglish a105.23 aG. K. Mithal 0aNetwork Analysiscby G. K. Mithal bKhanna Pub.aDelhic1989 a1038 aEE cBK c9282d9282 pBE 10910g65.00l0o105.23 eGiftedr2024-06-13 00:00:00w2022-10-30yBK003Print4070aMIETLIBbMIETLIBcBL-Academic Block A, FL-1, CUP-0, SH-0, R-0d2010-11-1210HBE